000 00695nam a2200229Ia 4500
003 OSt
005 20220926013139.0
006 a|||||r|||| 00| 0
007 ta
008 220923b |||||||| |||| 00| 0 eng d
037 _cGeneral Book
040 _aRTL
_cRTL
_beng
041 _2eng
_aeng
082 _aX:742.73.N41<--N29, L0
100 _aChandler Lester V.
_9122189
245 0 _aAmerica's greatest depression, 1929-1941
260 _aNew York
_bHarper and Row U. S. A.
_c1970
300 _avii, 260p. Bibliography p.247-50
_ccm.
650 _aDepression
_928774
942 _hX:742.73.N41<--N29, L0
_cGB
_2CC
999 _c625241
_d625241